| 000 | 03342nam a2200457 a 4500 | ||
|---|---|---|---|
| 001 | ebr10439312 | ||
| 003 | CaPaEBR | ||
| 006 | m u | ||
| 007 | cr cn||||||||| | ||
| 008 | 091020s2010 ne af sb 001 0 eng d | ||
| 010 | _z 2009044406 | ||
| 020 | _z9789004179714 (hbk. : alk. paper) | ||
| 020 | _z9004179712 (hbk. : alk. paper) | ||
| 020 | _z9789047444015 (e-book) | ||
| 040 |
_aCaPaEBR _cCaPaEBR |
||
| 035 | _a(OCoLC)695990308 | ||
| 050 | 1 | 4 |
_aCB353 _b.D74 2010eb |
| 082 | 0 | 4 |
_a001.1 _222 |
| 245 | 0 | 0 |
_aDreams and visions _h[electronic resource] : _ban interdisciplinary enquiry / _cedited by Nancy van Deusen. |
| 260 |
_aLeiden ; _aBoston : _bBrill, _c2010. |
||
| 300 |
_avi, 398 p., 43 p. of plates : _bill. |
||
| 490 | 1 |
_aPresenting the past, _x1875-2799 ; _vv. 2 |
|
| 504 | _aIncludes bibliographical references and index. | ||
| 505 | 0 | _aIntroduction : Dreams and visions / Nancy van Deusen -- Daniel the dreamer, Daniel the dream-reader / Meg Worley -- Cassiodorus and Theodoric : a vision of reviving falling cities / Birgitta Lindros Wohl -- The lament and Augustine : visions of disintegration and transformation / Nancy Van Deusen -- In the beginning : theories and images of creation in Northern Europe in the twelfth century / Conrad Rudolph -- Visions of verbum incartanum : Augustinian homiletics and English Christmas sermons, 900-1700 / Wendy Furman-Adams -- Plotinian image and the medieval representation of divinity / Ann R. Meyer -- St. Bonaventure's "Doctrine of illumination" : an artifact of modernity / Wendy Petersen Boring -- Dreams, visions, and nightmares in Islam : from the Prophet Mohammad to the fundamentalist mindset / Tamara Albertini -- The vision of heaven and knowledge in Castilian literature : from Alfonso X to Alfonso de la Torre / Ana M. Montero -- The Vulgate Grail / Michael Murrin -- A vision of poverty : remembering the Passion and the Christian ideal in the imagery of the Observant Franciscans / Virginia K. Henderson -- Dream and vision in Shakespeare's plays / David Bevington -- Dreams, visions, and delusions : madness in Shakespeare / J. Harold Ellens -- Vision in the eye of the beholder : translation or transformation / Eolene M. Boyd-MacMillan -- Beyond three : Jung, anthropology and number / John N. Crossley -- A vision of dwarfs / Joanna Woods-Marsden -- The Dawes Act of 1887 : a dream of "civilizing the savages" that became a nightmare for Native Americans / Robert W. Hanning. | |
| 533 |
_aElectronic reproduction. _bPalo Alto, Calif. : _cebrary, _d2013. _nAvailable via World Wide Web. _nAccess may be limited to ebrary affiliated libraries. |
||
| 650 | 0 |
_aIntellectual life _xHistory. |
|
| 650 | 0 |
_aMiddle Ages _xIntellectual life. |
|
| 650 | 0 | _aPhilosophy, Medieval. | |
| 650 | 0 | _aCivilization, Medieval. | |
| 650 | 0 |
_aDreams _xPhilosophy. |
|
| 650 | 0 |
_aVisions _xPhilosophy. |
|
| 650 | 0 |
_aDreams _xHistory. |
|
| 650 | 0 |
_aVisions _xHistory. |
|
| 650 | 0 | _aDreams in literature. | |
| 650 | 0 | _aVisions in literature. | |
| 655 | 7 |
_aElectronic books. _2local |
|
| 700 | 1 |
_aVan Deusen, Nancy _q(Nancy Elizabeth) |
|
| 710 | 2 | _aebrary, Inc. | |
| 830 | 0 |
_aPresenting the past (Leiden, Netherlands) ; _vv. 2. |
|
| 856 | 4 | 0 |
_uhttp://site.ebrary.com/lib/rucke/Doc?id=10439312 _zAn electronic book accessible through the World Wide Web; click to view |
| 999 |
_c134335 _d134335 |
||